Mājhyā āṭhavaṇi. (Record no. 62484)

MARC details
000 -LEADER
fixed length control field 00655cam a22002291 4500
001 - CONTROL NUMBER
control field sa 65002160
003 - CONTROL NUMBER IDENTIFIER
control field DLC
005 - DATE AND TIME OF LATEST TRANSACTION
control field 20260227112114.0
008 - FIXED-LENGTH DATA ELEMENTS--GENERAL INFORMATION
fixed length control field 900108s1964 ii ac 000 0amaro
010 ## - LIBRARY OF CONGRESS CONTROL NUMBER
LC control number sa 65002160
035 ## - SYSTEM CONTROL NUMBER
System control number (OCoLC)20861726
040 ## - CATALOGING SOURCE
Original cataloging agency DLC
Transcribing agency WaU
Modifying agency NRU
-- DLC
042 ## - AUTHENTICATION CODE
Authentication code premarc
050 00 - LIBRARY OF CONGRESS CALL NUMBER
Classification number S417.P3
Item number A3
100 1# - MAIN ENTRY--PERSONAL NAME
Personal name Patil, Pandurang Chimnaji,
Dates associated with a name 1877-
245 10 - TITLE STATEMENT
Title Mājhyā āṭhavaṇi.
Statement of responsibility, etc. [Lekhaka] Pan. Ci. Pāṭīla.
250 ## - EDITION STATEMENT
Edition statement [Pahilī āvr̥tti]
260 ## - PUBLICATION, DISTRIBUTION, ETC.
Place of publication, distribution, etc. Mumbaī,
Name of publisher, distributor, etc. Mauja Prakāśana Graha
Date of publication, distribution, etc. [1964]
300 ## - PHYSICAL DESCRIPTION
Extent 20, 368 p.
Other physical details illus., ports.
Dimensions 22 cm.
500 ## - GENERAL NOTE
General note In Marathi.
500 ## - GENERAL NOTE
General note Autobiographical.

No items available.

Powered by Koha